000 01154nam1a2200301 i 4500
001 RU\NLR\bibl\31214
005 20260409073500.0
035 _a(NLR Aleph) 000030407
090 _a151583
_c151583
100 _a19990603g19989999b y0rusy50 ca
101 0 _arus
102 _aRU
105 _a|||||||||||||
200 1 _aИгралочка
_eМатематика для детей и их родителей
_e[Учеб. пособие по математике для детей 3-4-х лет. возраста]
_fЛ.Г. Петерсон, Е.Е. Кочемасова
210 _aМ.
_cБаллас
_d1998
215 _d26
463 0 _100130022
463 0 _100132843
606 _aДошкольники
_xОбучение математике
_92089866
_3RU\NLR\auth\661265024
686 _aЧ491.71
700 1 _aПетерсон
_bЛ. Г.
_gЛюдмила Георгиевна
_4070
701 1 _aКочемасова
_bЕ. Е.
_gЕлена Евгеньевна
_4070
801 0 _aRU
_bNLR
_c19990603
_gPSBO
801 1 _aRU
_bNLR
_c19990603
830 _aАвт. даны по кн.
852 _aNLR
_j99-7/621
942 _cBOOK